00338nam a22001097a 4500082002000000100001800020245010400038260001900142300002200161526003700183650000800220 a620.191bMEYcD aM. P. Meyer., aComparison of engineering properties of selected temperate and tropical surface soilsbMeyer, M. P. aUSAcJune 1996 axiv, p. :bill. : a0b0c0d620_191000000000000_MEY aMCE